[Event "19th Capablanca Memorial group B"]
[Site "Cienfuegos CUB"]
[Date "1984.05.22"]
[Round "1"]
[White "Csom, Istvan"]
[Black "Meduna, Eduard"]
[Result "1/2-1/2"]
[WhiteElo "2485"]
[BlackElo "2515"]
[EventDate "1984.05.22"]
[PlyCount "78"]

1.c4 c6 2.d4 d5 3.e3 Nf6 4.Nf3 Bg4 5.Qb3 Bxf3 6.gxf3 Qb6 7.Nc3 e6 8.Qc2 
Be7 9.Bd2 Nbd7 10.f4 O-O 11.c5 Qc7 12.b4 b6 13.Bd3 a5 14.cxb6 Nxb6 15.bxa5
Nc4 16.Bxc4 dxc4 17.Na4 c5 18.dxc5 Bxc5 19.Qxc4 Qb7 20.Ke2 Be7 21.Rab1 Qg2
22.Rhg1 Qxh2 23.Nb6 Rad8 24.Bc3 Qh5+ 25.Ke1 Qh2 26.Qf1 Qh5 27.Rg5 Qh4 28.
Qg2 g6 29.Ke2 Ne4 30.Qxe4 Bxg5 31.Qf3 Bf6 32.Rh1 Qxh1 33.Qxh1 Bxc3 34.Qc6 
Rd2+ 35.Kf3 Bxa5 36.Nc4 Rd5 37.Ne5 Kg7 38.a4 Rb8 39.Nc4 Kg8 1/2-1/2

[Event "19th Capablanca Memorial group B"]
[Site "Cienfuegos CUB"]
[Date "1984.05.22"]
[Round "1"]
[White "Nogueiras Santiago, Jesus"]
[Black "Lebredo Zarragoitia, Gerardo"]
[Result "1-0"]
[WhiteElo "2565"]
[BlackElo "2395"]
[EventDate "1984.05.22"]
[PlyCount "76"]

1.d4 e6 2.g3 c5 3.Nf3 cxd4 4.Nxd4 Qb6 5.Bg2 Nc6 6.Nb3 Nf6 7.O-O d5 8.Nc3 
Be7 9.e4 d4 10.Ne2 e5 11.c3 a5 12.cxd4 a4 13.dxe5 Ng4 14.Nd2 Ncxe5 15.Nf4 
Nxf2 16.Rxf2 Ng4 17.Nd3 Be6 18.h3 Nxf2 19.Nxf2 Bf6 20.Nf3 Bxb2 21.Bxb2 
Qxb2 22.a3 O-O 23.Qd4 Qb3 24.e5 Rfd8 25.Qf4 Qc3 26.Rf1 Qxa3 27.Ng5 Qc5 28.
Qe4 g6 29.Qh4 Qxe5 30.Qxh7+ Kf8 31.Nfe4 Rd7 32.Nxe6+ Qxe6 33.Qh8+ Ke7 34.
Qxa8 b5 35.Qh8 b4 36.Qh4+ Kf8 37.Nf6 Qe3+ 38.Kh1 Rd4 1-0

[Event "19th Capablanca Memorial group B"]
[Site "Cienfuegos CUB"]
[Date "1984.05.22"]
[Round "1"]
[White "Ochoa de Echaguen Estibalez, Francisco Javier"]
[Black "Gufeld, Eduard"]
[Result "1/2-1/2"]
[WhiteElo "2430"]
[BlackElo "2475"]
[EventDate "1984.05.22"]
[PlyCount "81"]

1.e4 c5 2.c3 e6 3.d4 d5 4.exd5 exd5 5.Nf3 Nc6 6.Be3 c4 7.b3 cxb3 8.axb3 
Bd6 9.Be2 Nge7 10.O-O O-O 11.c4 Bg4 12.Nc3 a6 13.Ne1 Bxe2 14.Nxe2 Re8 15.
Nc3 dxc4 16.bxc4 Nf5 17.Nc2 Qh4 18.h3 Rad8 19.Qg4 Qxg4 20.hxg4 Nxe3 21.
fxe3 Nb4 22.Nxb4 Bxb4 23.Nd5 Bf8 24.Kf2 b5 25.Rxa6 bxc4 26.Nc3 Re6 27.Rxe6
fxe6 28.Rc1 Ba3 29.Rc2 Rb8 30.Ke2 h6 31.Ne4 Rc8 32.Nc5 e5 33.Rxc4 exd4 34.
exd4 Kf7 35.Kd3 Ke7 36.Na4 Rxc4 37.Kxc4 Ke6 38.d5+ Ke5 39.Nc5 g6 40.g3 h5 
41.gxh5 1/2-1/2

[Event "19th Capablanca Memorial group B"]
[Site "Cienfuegos CUB"]
[Date "1984.05.22"]
[Round "1"]
[White "Tatai, Stefano"]
[Black "Estevez Morales, Guillermo"]
[Result "1/2-1/2"]
[WhiteElo "2425"]
[BlackElo "2395"]
[EventDate "1984.05.22"]
[PlyCount "36"]

1.Nf3 Nf6 2.g3 b6 3.Bg2 Bb7 4.c4 c5 5.O-O g6 6.b3 Bg7 7.Bb2 Na6 8.d3 O-O 
9.Nbd2 d5 10.cxd5 Nxd5 11.Bxg7 Kxg7 12.Qc1 f6 13.a3 e5 14.Qb2 Qe7 15.Rfc1 
Rfe8 16.Nc4 Rad8 17.Nfd2 Kg8 18.Re1 Ba8 1/2-1/2

[Event "19th Capablanca Memorial group B"]
[Site "Cienfuegos CUB"]
[Date "1984.05.23"]
[Round "2"]
[White "Garcia Palermo, Carlos"]
[Black "Nogueiras Santiago, Jesus"]
[Result "1-0"]
[WhiteElo "2530"]
[BlackElo "2565"]
[EventDate "1984.05.22"]
[PlyCount "80"]

1.d4 Nf6 2.c4 c5 3.d5 b5 4.cxb5 a6 5.bxa6 g6 6.Nc3 Bxa6 7.Nf3 d6 8.e4 Bxf1
9.Kxf1 Bg7 10.h3 O-O 11.Kg1 Nbd7 12.Kh2 Qa5 13.Re1 Rfb8 14.Re2 Rb4 15.Qe1 
Ne8 16.Nd1 Qa7 17.Bd2 Ra4 18.a3 Ne5 19.Nxe5 Bxe5+ 20.f4 Bd4 21.Nc3 Rb4 22.
axb4 Qxa1 23.Qxa1 Rxa1 24.bxc5 dxc5 25.e5 Ra8 26.Nb5 Rd8 27.Bc3 f6 28.Nxd4
cxd4 29.Bxd4 Rxd5 30.Bc3 Kf7 31.Kg1 Rb5 32.Kf2 Nc7 33.exf6 exf6 34.g3 Nd5 
35.Ke1 h5 36.h4 Ne7 37.Re4 Nf5 38.Kf2 Nd6 39.Ra4 Rb7 40.Kf3 f5 1-0

[Event "19th Capablanca Memorial group B"]
[Site "Cienfuegos CUB"]
[Date "1984.05.23"]
[Round "2"]
[White "Gufeld, Eduard"]
[Black "Tatai, Stefano"]
[Result "1/2-1/2"]
[WhiteElo "2475"]
[BlackElo "2425"]
[EventDate "1984.05.22"]
[PlyCount "40"]

1.e4 c5 2.Nf3 d6 3.d4 cxd4 4.Nxd4 Nf6 5.Nc3 a6 6.Be3 e5 7.Nb3 Be6 8.Qd2 
Be7 9.f3 Nbd7 10.g4 Qc7 11.g5 Nh5 12.O-O-O Rc8 13.Qf2 O-O 14.Nd5 Bxd5 15.
Rxd5 f5 16.exf5 Rxf5 17.Bd3 Rxg5 18.Be4 Nf4 19.Bxf4 exf4 20.Qd2 Ne5 
1/2-1/2

[Event "19th Capablanca Memorial group B"]
[Site "Cienfuegos CUB"]
[Date "1984.05.23"]
[Round "2"]
[White "Lebredo Zarragoitia, Gerardo"]
[Black "Ochoa de Echaguen Estibalez, Francisco Javier"]
[Result "1/2-1/2"]
[WhiteElo "2395"]
[BlackElo "2430"]
[EventDate "1984.05.22"]
[PlyCount "35"]

1.e4 e5 2.Nc3 Nf6 3.g3 Bc5 4.d3 d6 5.Na4 Bg4 6.f3 Be6 7.Bg2 Nc6 8.Nxc5 
dxc5 9.Be3 Qd6 10.Nh3 h6 11.Nf2 Nd7 12.f4 f6 13.c3 O-O-O 14.Qa4 g5 15.f5 
Bf7 16.O-O Kb8 17.Bf3 h5 18.Rfd1 1/2-1/2

[Event "19th Capablanca Memorial group B"]
[Site "Cienfuegos CUB"]
[Date "1984.05.24"]
[Round "3"]
[White "Csom, Istvan"]
[Black "Gufeld, Eduard"]
[Result "1/2-1/2"]
[WhiteElo "2485"]
[BlackElo "2475"]
[EventDate "1984.05.22"]
[PlyCount "31"]

1.c4 g6 2.d4 Bg7 3.Nc3 d6 4.g3 Nf6 5.Bg2 O-O 6.Nf3 Nc6 7.O-O Bf5 8.Nh4 Bd7
9.e4 e5 10.d5 Nd4 11.Be3 c5 12.dxc6 bxc6 13.Bxd4 exd4 14.Qxd4 Nd5 15.Qd3 
Nxc3 16.bxc3 1/2-1/2

[Event "19th Capablanca Memorial group B"]
[Site "Cienfuegos CUB"]
[Date "1984.05.24"]
[Round "3"]
[White "Ghinda, Mihail Viorel"]
[Black "Meduna, Eduard"]
[Result "0-1"]
[WhiteElo "2460"]
[BlackElo "2515"]
[EventDate "1984.05.22"]
[PlyCount "83"]

1.e4 c6 2.d4 d5 3.Nd2 dxe4 4.Nxe4 Nd7 5.Bc4 Ngf6 6.Nxf6+ Nxf6 7.c3 b5 8.
Be2 Bf5 9.Nf3 e6 10.Ne5 Be4 11.f3 Bd5 12.b3 Qa5 13.Bd2 Qb6 14.a4 a6 15.a5 
Qa7 16.Be3 Bd6 17.Kf2 c5 18.c4 bxc4 19.bxc4 Bb7 20.dxc5 Bxc5 21.Qa4+ Ke7 
22.Qa3 Bxa3 23.Bxa7 Rxa7 24.Rxa3 Rc8 25.Re3 Rc5 26.Ra1 Ne4+ 27.fxe4 Rxe5 
28.Bf3 Ba8 29.Rb3 Bxe4 30.Re3 f5 31.Bxe4 fxe4 32.Rb1 Rc7 33.Rb6 Rxc4 34.
Rxa6 Rc2+ 35.Kg3 Rg5+ 36.Kf4 Rcxg2 37.h3 Rf5+ 38.Kxe4 Ra2 39.Ra7+ Kf6 40.
a6 Re5+ 41.Kf3 Rea5 42.Ke4 0-1

[Event "19th Capablanca Memorial group B"]
[Site "Cienfuegos CUB"]
[Date "1984.05.24"]
[Round "3"]
[White "Nogueiras Santiago, Jesus"]
[Black "Vilela de Acuna, Jose Luis"]
[Result "1/2-1/2"]
[WhiteElo "2565"]
[BlackElo "2400"]
[EventDate "1984.05.22"]
[PlyCount "28"]

1.d4 e6 2.c4 Nf6 3.Nf3 b6 4.Nc3 Bb7 5.a3 d5 6.cxd5 Nxd5 7.Bd2 Nd7 8.Qc2 c5
9.e4 Nxc3 10.Bxc3 cxd4 11.Nxd4 a6 12.Rd1 Qc7 13.Be2 Be7 14.O-O O-O 1/2-1/2

[Event "19th Capablanca Memorial group B"]
[Site "Cienfuegos CUB"]
[Date "1984.05.24"]
[Round "3"]
[White "Ochoa de Echaguen Estibalez, Francisco Javier"]
[Black "Garcia Palermo, Carlos"]
[Result "1/2-1/2"]
[WhiteElo "2430"]
[BlackElo "2530"]
[EventDate "1984.05.22"]
[PlyCount "39"]

1.c4 e6 2.Nf3 d5 3.b3 Nf6 4.Bb2 Be7 5.g3 c5 6.Bg2 Nc6 7.cxd5 exd5 8.d4 Ne4
9.O-O Bf6 10.e3 O-O 11.Ne5 Qd6 12.Nxc6 Qxc6 13.Nd2 cxd4 14.Nxe4 dxe4 15.
Bxd4 Rd8 16.Rc1 Qe8 17.Rc2 Bxd4 18.exd4 f5 19.Re1 Qg6 20.f3 1/2-1/2

[Event "19th Capablanca Memorial group B"]
[Site "Cienfuegos CUB"]
[Date "1984.05.24"]
[Round "3"]
[White "Pinal Borges, Nelson"]
[Black "Estevez Morales, Guillermo"]
[Result "1/2-1/2"]
[WhiteElo "2390"]
[BlackElo "2395"]
[EventDate "1984.05.22"]
[PlyCount "90"]

1.e4 c5 2.Nf3 e6 3.c3 Nf6 4.e5 Nd5 5.d4 cxd4 6.cxd4 b6 7.Bd3 Be7 8.O-O Bb7
9.Nbd2 d6 10.Ne4 O-O 11.Re1 dxe5 12.dxe5 Nb4 13.Nd6 Nxd3 14.Qxd3 Bd5 15.
Ne4 Nc6 16.Neg5 g6 17.Qe3 Bc5 18.Qf4 Bxf3 19.Qxf3 Be7 20.Nxe6 Nxe5 21.Nxd8
Nxf3+ 22.gxf3 Bb4 23.Re4 Rfxd8 24.Rxb4 Rd1+ 25.Kg2 Rc8 26.Ra4 a5 27.b4 
Rcxc1 28.Rxc1 Rxc1 29.bxa5 bxa5 30.Rxa5 Kg7 31.a4 Kf6 32.Ra7 h5 33.f4 Rc3 
34.Ra5 Ra3 35.h4 Rc3 36.Ra7 Rc1 37.Kg3 Rg1+ 38.Kh2 Ra1 39.Ra5 Rc1 40.Kg2 
Ra1 41.Ra7 Rc1 42.a5 Rc4 43.Kg3 Ra4 44.a6 Ke6 45.Ra8 Kf5 1/2-1/2

[Event "19th Capablanca Memorial group B"]
[Site "Cienfuegos CUB"]
[Date "1984.05.24"]
[Round "3"]
[White "Tatai, Stefano"]
[Black "Lebredo Zarragoitia, Gerardo"]
[Result "1-0"]
[WhiteElo "2425"]
[BlackElo "2395"]
[EventDate "1984.05.22"]
[PlyCount "80"]

1.d4 e6 2.c4 Nf6 3.Nc3 Bb4 4.e3 O-O 5.Bd3 c5 6.Ne2 Nc6 7.O-O d5 8.a3 Bxc3 
9.bxc3 dxc4 10.Bxc4 Qc7 11.Ng3 Rd8 12.Ba2 b6 13.Qe2 a5 14.dxc5 bxc5 15.Bb2
e5 16.e4 Ba6 17.Bc4 Bxc4 18.Qxc4 Qb6 19.Bc1 a4 20.Bg5 Na5 21.Qe2 Nb3 22.
Rad1 h6 23.Bxf6 Qxf6 24.Nf5 Rxd1 25.Rxd1 Rd8 26.g3 Kh7 27.h4 g6 28.Ne3 Kg7
29.h5 Rxd1+ 30.Qxd1 Qc6 31.hxg6 fxg6 32.Nc4 Qe6 33.Nb2 h5 34.Qd5 Qg4 35.
Qxe5+ Kh7 36.Qe7+ Kh6 37.Qf8+ Kh7 38.Qf7+ Kh6 39.Qf4+ Qxf4 40.gxf4 g5 1-0

[Event "19th Capablanca Memorial group B"]
[Site "Cienfuegos CUB"]
[Date "1984.05.25"]
[Round "4"]
[White "Diaz Diaz, Joaquin"]
[Black "Meduna, Eduard"]
[Result "1/2-1/2"]
[WhiteElo "2375"]
[BlackElo "2515"]
[EventDate "1984.05.22"]
[PlyCount "117"]

1.e4 c6 2.d4 d5 3.Nd2 dxe4 4.Nxe4 Nd7 5.Nf3 Ngf6 6.Nxf6+ Nxf6 7.Ne5 Be6 8.
Be2 g6 9.O-O Bg7 10.Be3 O-O 11.c4 Qc7 12.f4 Nd7 13.Nf3 Rfd8 14.Qb3 b5 15.
Ng5 Bxc4 16.Bxc4 bxc4 17.Qxc4 e6 18.Rac1 Nb6 19.Qxc6 Qxc6 20.Rxc6 Nd5 21.
Bf2 h6 22.Nh3 Nb4 23.Rc4 Rab8 24.a3 Nd3 25.b4 Nxf2 26.Kxf2 Rxd4 27.Rfc1 
Rd2+ 28.Kf1 Bb2 29.Rc8+ Rd8 30.Rxb8 Rxb8 31.Rc7 Bxa3 32.Rxa7 Bxb4 33.Nf2 
Bc5 34.Ra2 Rb1+ 35.Ke2 Rg1 36.Rc2 Bd4 37.Rc4 Bb6 38.Rb4 Ba5 39.Rb5 Bc7 40.
Kf3 Rf1 41.g3 Kg7 42.Rb7 Bd6 43.Ke2 Rc1 44.Ne4 Bc7 45.h4 Rc6 46.Ra7 Rc4 
47.Kf3 Rc2 48.Rb7 Rc6 49.Ra7 Rc4 50.Rb7 Rc6 51.Ra7 f5 52.Nf2 Kf6 53.Nd3 g5
54.hxg5+ hxg5 55.Rb7 g4+ 56.Ke3 Bd6 57.Rd7 Bc7 58.Nb4 Rc4 59.Kd3 1/2-1/2

[Event "19th Capablanca Memorial group B"]
[Site "Cienfuegos CUB"]
[Date "1984.05.25"]
[Round "4"]
[White "Estevez Morales, Guillermo"]
[Black "Ghinda, Mihail Viorel"]
[Result "1/2-1/2"]
[WhiteElo "2395"]
[BlackElo "2460"]
[EventDate "1984.05.22"]
[PlyCount "109"]

1.d4 Nf6 2.c4 g6 3.Nc3 d5 4.Nf3 Bg7 5.e3 O-O 6.b4 b6 7.Bb2 c5 8.bxc5 bxc5 
9.Rc1 cxd4 10.Nxd4 e5 11.Nb3 d4 12.exd4 exd4 13.Qxd4 Qxd4 14.Nxd4 Bb7 15.
f3 Re8+ 16.Be2 Nh5 17.Rd1 Nf4 18.Bc1 Nxg2+ 19.Kf2 Nc6 20.Ncb5 Nxd4 21.Nxd4
Nh4 22.Rhg1 h6 23.c5 Rac8 24.Ba3 Bxd4+ 25.Rxd4 Rxe2+ 26.Kxe2 Nxf3 27.Rgd1 
Re8+ 28.Kf2 Nxd4 29.Rxd4 Bc6 30.Rd6 Re6 31.Rd8+ Kh7 32.Bb2 g5 33.Rd6 Kg6 
34.Rxe6+ fxe6 35.Ke3 Kf5 36.Bg7 h5 37.Bc3 e5 38.Ba5 h4 39.Bc7 g4 40.Kf2 
Kf4 41.Bd6 g3+ 42.hxg3+ hxg3+ 43.Kg1 Kf5 44.Bb8 a6 45.Bc7 Ke6 46.Bb8 Bd5 
47.a3 Bc6 48.Bc7 Bf3 49.Bb8 e4 50.Bf4 Kd5 51.Be3 Kc6 52.Kf1 Kb5 53.Kg1 a5 
54.Kf1 a4 55.Kg1 1/2-1/2

[Event "19th Capablanca Memorial group B"]
[Site "Cienfuegos CUB"]
[Date "1984.05.25"]
[Round "4"]
[White "Garcia Palermo, Carlos"]
[Black "Tatai, Stefano"]
[Result "1/2-1/2"]
[WhiteElo "2530"]
[BlackElo "2425"]
[EventDate "1984.05.22"]
[PlyCount "82"]

1.d4 Nf6 2.c4 e6 3.Nf3 d5 4.Nc3 Bb4 5.e3 O-O 6.Bd3 c5 7.O-O Nc6 8.a3 dxc4 
9.Bxc4 Ba5 10.Ne2 Bb6 11.dxc5 Qxd1 12.Rxd1 Bxc5 13.b4 Be7 14.Bb2 Bd7 15.e4
Rfd8 16.e5 Ne8 17.Nc3 Rac8 18.Bb3 Nc7 19.Ne4 Be8 20.Rac1 Rxd1+ 21.Rxd1 Rd8
22.Rxd8 Nxd8 23.Nfd2 Bc6 24.f4 Bd5 25.Bc2 a5 26.bxa5 Nc6 27.Nd6 Nxa5 28.
Bc3 Nc6 29.a4 Nb8 30.N2e4 Nca6 31.Kf2 h6 32.g4 Kf8 33.f5 Bd8 34.Nc8 h5 35.
h3 hxg4 36.hxg4 Nd7 37.Ke3 Nb6 38.Nxb6 Bxb6+ 39.Bd4 Bxd4+ 40.Kxd4 Nb4 41.
Bb1 Nc6+ 1/2-1/2

[Event "19th Capablanca Memorial group B"]
[Site "Cienfuegos CUB"]
[Date "1984.05.25"]
[Round "4"]
[White "Gufeld, Eduard"]
[Black "Pinal Borges, Nelson"]
[Result "1-0"]
[WhiteElo "2475"]
[BlackElo "2390"]
[EventDate "1984.05.22"]
[PlyCount "107"]

1.e4 c5 2.Nf3 Nc6 3.d4 cxd4 4.Nxd4 g6 5.c4 Bg7 6.Be3 Nf6 7.Nc3 O-O 8.Be2 
d6 9.O-O Bd7 10.Qd2 Nxd4 11.Bxd4 Bc6 12.f3 a5 13.Rad1 Nd7 14.Bf2 Nc5 15.
Nd5 Bxd5 16.exd5 Qb6 17.Rb1 Rfe8 18.Rfd1 Qb4 19.Qc2 a4 20.Kh1 Bf6 21.Bf1 
Rec8 22.Be1 Qb6 23.Bc3 Bxc3 24.Qxc3 Nd7 25.Re1 Re8 26.Re3 Rac8 27.Rbe1 Nf6
28.Qd2 Rc7 29.b3 axb3 30.axb3 Qa6 31.g4 b6 32.Qd4 Qb7 33.Kg1 h6 34.h4 b5 
35.g5 hxg5 36.hxg5 Nh5 37.cxb5 Ng7 38.Re4 Nf5 39.Qd2 Ra8 40.Bc4 Qc8 41.Qf2
Rca7 42.R4e2 Qd8 43.Bd3 e5 44.dxe6 Qxg5+ 45.Qg2 Nh4 46.Qxg5 Nxf3+ 47.Kh1 
Nxg5 48.b6 Ra5 49.b7 Rb8 50.e7 Ne6 51.Rxe6 fxe6 52.Rxe6 Rh5+ 53.Kg2 Rg5+ 
54.Kf3 1-0

[Event "19th Capablanca Memorial group B"]
[Site "Cienfuegos CUB"]
[Date "1984.05.25"]
[Round "4"]
[White "Lebredo Zarragoitia, Gerardo"]
[Black "Csom, Istvan"]
[Result "1/2-1/2"]
[WhiteElo "2395"]
[BlackElo "2485"]
[EventDate "1984.05.22"]
[PlyCount "80"]

1.e4 c5 2.Nc3 Nc6 3.g3 g6 4.Bg2 Bg7 5.d3 d6 6.Be3 Qd7 7.f4 e6 8.Nf3 Nd4 9.
O-O Ne7 10.Qd2 O-O 11.Nd1 b6 12.c3 Nxf3+ 13.Bxf3 Bb7 14.Qg2 f5 15.Nf2 Bc6 
16.exf5 Bxf3 17.Qxf3 gxf5 18.Rad1 Rae8 19.Nh3 Qc6 20.Qxc6 Nxc6 21.Ng5 Bf6 
22.Nf3 Kf7 23.d4 cxd4 24.Nxd4 Bxd4 25.Bxd4 Rc8 26.c4 Rfd8 27.Rd2 d5 28.
cxd5 Rxd5 29.Rfd1 Nxd4 30.Rxd4 Rxd4 31.Rxd4 Rc1+ 32.Kf2 Rc2+ 33.Ke3 Rxh2 
34.Rd7+ Kg6 35.Rxa7 Rxb2 36.Re7 Kf6 37.Ra7 h5 38.a4 Rb3+ 39.Kf2 Rb4 40.Kf3
e5 1/2-1/2

[Event "19th Capablanca Memorial group B"]
[Site "Cienfuegos CUB"]
[Date "1984.05.25"]
[Round "4"]
[White "Vilela de Acuna, Jose Luis"]
[Black "Ochoa de Echaguen Estibalez, Francisco Javier"]
[Result "0-1"]
[WhiteElo "2400"]
[BlackElo "2430"]
[EventDate "1984.05.22"]
[PlyCount "80"]

1.Nf3 c5 2.c4 Nf6 3.Nc3 e6 4.g3 d5 5.Bg2 d4 6.Nb5 Nc6 7.d3 a6 8.Na3 Be7 9.
O-O O-O 10.Nc2 e5 11.e3 dxe3 12.Nxe3 Rb8 13.b3 Bd6 14.Re1 Re8 15.Bb2 Nd4 
16.Ng5 Nf5 17.Ne4 Nxe3 18.Nxf6+ Qxf6 19.Rxe3 Bd7 20.Qe2 Qf5 21.Bd5 Qg4 22.
Qxg4 Bxg4 23.Rae1 Kf8 24.Bxe5 Bxe5 25.Rxe5 Rxe5 26.Rxe5 f6 27.Re3 b6 28.f3
Bd7 29.Kf2 a5 30.Ke2 a4 31.Kd2 axb3 32.axb3 Re8 33.Rxe8+ Bxe8 34.d4 Ke7 
35.Kc3 Kd6 36.Be4 h6 37.b4 Bf7 38.dxc5+ bxc5 39.b5 Kc7 40.Bd5 Bg6 0-1

[Event "19th Capablanca Memorial group B"]
[Site "Cienfuegos CUB"]
[Date "1984.05.27"]
[Round "5"]
[White "Ghinda, Mihail Viorel"]
[Black "Gufeld, Eduard"]
[Result "1/2-1/2"]
[WhiteElo "2460"]
[BlackElo "2475"]
[EventDate "1984.05.22"]
[PlyCount "39"]

1.e4 c5 2.Nf3 d6 3.Bb5+ Bd7 4.Bxd7+ Qxd7 5.O-O Nc6 6.c3 Nf6 7.Qe2 e6 8.d4 
cxd4 9.cxd4 d5 10.e5 Ne4 11.Nbd2 Nxd2 12.Bxd2 Be7 13.Rfc1 O-O 14.Rc2 Rfc8 
15.Rac1 a6 16.Qd3 h6 17.h3 Na7 18.Kf1 Rxc2 19.Rxc2 Rc8 20.Rxc8+ 1/2-1/2

[Event "19th Capablanca Memorial group B"]
[Site "Cienfuegos CUB"]
[Date "1984.05.27"]
[Round "5"]
[White "Pinal Borges, Nelson"]
[Black "Lebredo Zarragoitia, Gerardo"]
[Result "1/2-1/2"]
[WhiteElo "2390"]
[BlackElo "2395"]
[EventDate "1984.05.22"]
[PlyCount "25"]

1.e4 e6 2.d4 d5 3.e5 c5 4.Nf3 Nc6 5.c3 Bd7 6.Be2 Qb6 7.dxc5 Bxc5 8.O-O a5 
9.Bd3 Nge7 10.Qe2 Ng6 11.h4 f6 12.exf6 gxf6 13.a4 1/2-1/2

[Event "19th Capablanca Memorial group B"]
[Site "Cienfuegos CUB"]
[Date "1984.05.27"]
[Round "5"]
[White "Tatai, Stefano"]
[Black "Vilela de Acuna, Jose Luis"]
[Result "1-0"]
[WhiteElo "2425"]
[BlackElo "2400"]
[EventDate "1984.05.22"]
[PlyCount "97"]

1.d4 Nf6 2.c4 e6 3.Nf3 b6 4.g3 Ba6 5.b3 Bb4+ 6.Bd2 Be7 7.Bg2 c6 8.Bg5 d5 
9.Nbd2 Nbd7 10.O-O O-O 11.Qc2 b5 12.Rfd1 Rc8 13.c5 b4 14.e3 Bb5 15.a3 bxa3
16.Rxa3 a6 17.Bf1 h6 18.Bxf6 Bxf6 19.Bxb5 axb5 20.b4 g5 21.h3 Bg7 22.e4 
Nf6 23.e5 Nd7 24.Re1 Rc7 25.Nf1 f6 26.N1h2 f5 27.Nd2 Rf7 28.Rea1 Nf8 29.
Ra8 Qe7 30.R1a6 h5 31.Nb3 g4 32.h4 Bh6 33.Na5 Qd7 34.Rb8 Kg7 35.Rbb6 f4 
36.Nf1 Ng6 37.Nxc6 fxg3 38.Nxg3 Nf4 39.Nb8 Qe7 40.Nxh5+ Nxh5 41.Rxe6 Qxe6 
42.Rxe6 Nf4 43.Rf6 Ra7 44.Qf5 g3 45.fxg3 Ra1+ 46.Kf2 Rfa7 47.gxf4 R7a2+ 
48.Kf3 Rf1+ 49.Kg4 1-0

[Event "19th Capablanca Memorial group B"]
[Site "Cienfuegos CUB"]
[Date "1984.05.29"]
[Round "7"]
[White "Csom, Istvan"]
[Black "Hernandez Onna, Roman"]
[Result "0-1"]
[WhiteElo "2485"]
[BlackElo "2445"]
[EventDate "1984.05.22"]
[PlyCount "80"]

1.e4 c5 2.Nf3 g6 3.d4 cxd4 4.Nxd4 Bg7 5.c4 Nc6 6.Be3 Nf6 7.Nc3 O-O 8.Be2 
b6 9.O-O Bb7 10.Rc1 Nxd4 11.Bxd4 Bh6 12.Rc2 Nxe4 13.Bf3 Nxc3 14.Rxc3 Bxf3 
15.Rxf3 f6 16.Bc3 Rf7 17.Re1 Rc8 18.Rd3 e5 19.b3 Bf8 20.Qd2 Qe7 21.Rd1 Rc7
22.Rd5 a5 23.Rb5 Qe6 24.Qd5 Qc6 25.Qxc6 Rxc6 26.Rdd5 Ba3 27.Bd2 d6 28.Be3 
Rb7 29.Bd2 Ra7 30.Kf1 Kf7 31.Be3 Rb7 32.Bd2 Ra7 33.Be3 Ra6 34.Ke2 Ke6 35.
Rd1 Bc5 36.Bxc5 Rxc5 37.Rd5 Kd7 38.Kd3 Kc6 39.Kc3 Ra8 40.a3 Ra7 0-1

[Event "19th Capablanca Memorial group B"]
[Site "Cienfuegos CUB"]
[Date "1984.05.29"]
[Round "7"]
[White "Estevez Morales, Guillermo"]
[Black "Gufeld, Eduard"]
[Result "1/2-1/2"]
[WhiteElo "2395"]
[BlackElo "2475"]
[EventDate "1984.05.22"]
[PlyCount "85"]

1.d4 Nf6 2.c4 e6 3.Nc3 c5 4.d5 exd5 5.cxd5 d6 6.e4 g6 7.Bd3 Bg7 8.Nge2 O-O
9.O-O Na6 10.f3 Nb4 11.Bg5 Nxd3 12.Qxd3 a6 13.a4 Qc7 14.b3 Bd7 15.Rfc1 
Rfe8 16.Rab1 Rab8 17.Be3 b5 18.axb5 Bxb5 19.Nxb5 axb5 20.b4 c4 21.Qd2 Nd7 
22.Nc3 Qb7 23.Ra1 Ra8 24.Rcb1 Ne5 25.Bd4 Nd3 26.Qe3 Rxa1 27.Rxa1 Ra8 28.
Rxa8+ Qxa8 29.h3 Qa6 30.Bxg7 Kxg7 31.Qd4+ f6 32.Ne2 Qa4 33.Qe3 Qxb4 34.Nd4
Nc5 35.Nc6 Qb2 36.e5 fxe5 37.Qg5 Qb1+ 38.Kh2 Qf5 39.Qe7+ Qf7 40.Qxd6 Nd3 
41.Nd8 Qf4+ 42.Kg1 Kh6 43.Qd7 1/2-1/2

[Event "19th Capablanca Memorial group B"]
[Site "Cienfuegos CUB"]
[Date "1984.05.29"]
[Round "7"]
[White "Ghinda, Mihail Viorel"]
[Black "Garcia Palermo, Carlos"]
[Result "1-0"]
[WhiteElo "2460"]
[BlackElo "2530"]
[EventDate "1984.05.22"]
[PlyCount "81"]

1.e4 c6 2.c4 d5 3.exd5 Nf6 4.Nc3 cxd5 5.cxd5 Nxd5 6.Nf3 e6 7.d4 Bb4 8.Bd2 
O-O 9.Bd3 Nf6 10.O-O Nc6 11.a3 Be7 12.Bg5 h6 13.Be3 b6 14.Bb1 Ba6 15.Re1 
Qd6 16.Qc1 Rfc8 17.Rd1 Bf8 18.Bf4 Qe7 19.Qc2 g6 20.Re1 Bc4 21.Qd2 Na5 22.
Bc2 Bb3 23.Ne5 Bxc2 24.Qxc2 Nd5 25.Nxg6 Qf6 26.Nxf8 Nxf4 27.Nd7 Qxd4 28.
Rad1 Qg7 29.Qe4 Ng6 30.h4 Nc4 31.h5 Ne7 32.Rd3 Nf5 33.Nd5 Kh8 34.N5f6 Ncd6
35.Qe5 Rc6 36.Red1 Nc4 37.Nb8 Nxe5 38.Rd8+ Qf8 39.Rxf8+ Kg7 40.Nxc6 Rxf8 
41.Nxe5 1-0

[Event "19th Capablanca Memorial group B"]
[Site "Cienfuegos CUB"]
[Date "1984.05.29"]
[Round "7"]
[White "Meduna, Eduard"]
[Black "Lebredo Zarragoitia, Gerardo"]
[Result "1/2-1/2"]
[WhiteElo "2515"]
[BlackElo "2395"]
[EventDate "1984.05.22"]
[PlyCount "87"]

1.d4 e6 2.c4 Nf6 3.Nf3 Bb4+ 4.Bd2 Bxd2+ 5.Qxd2 O-O 6.Nc3 d5 7.e3 Qe7 8.Rc1
Rd8 9.cxd5 exd5 10.Be2 Bf5 11.O-O Nbd7 12.a3 a5 13.Nh4 Be4 14.f3 Bg6 15.
Nxg6 hxg6 16.e4 dxe4 17.fxe4 c5 18.d5 Nxe4 19.Qe3 Re8 20.Qxe4 Qxe4 21.Nxe4
Rxe4 22.Bb5 Rd8 23.Bxd7 Rxd7 24.Rxc5 a4 25.Rd1 f5 26.Rb5 Kf7 27.Rb6 Rc4 
28.Kf2 Rf4+ 29.Kg3 g5 30.h3 Re4 31.Rd3 Re5 32.Rb5 Kf6 33.Rd4 Re3+ 34.Kf2 
Re5 35.Kf3 f4 36.Rb6+ Kf5 37.d6 Re3+ 38.Kf2 Re6 39.Rb5+ Re5 40.Rbd5 Rxd5 
41.Rxd5+ Ke4 42.Rb5 Rxd6 43.Rxb7 Rd2+ 44.Kg1 1/2-1/2

[Event "19th Capablanca Memorial group B"]
[Site "Cienfuegos CUB"]
[Date "1984.05.29"]
[Round "7"]
[White "Pinal Borges, Nelson"]
[Black "Vilela de Acuna, Jose Luis"]
[Result "0-1"]
[WhiteElo "2390"]
[BlackElo "2400"]
[EventDate "1984.05.22"]
[PlyCount "52"]

1.e4 e6 2.d4 d5 3.Nd2 c5 4.exd5 exd5 5.Bb5+ Bd7 6.Qe2+ Be7 7.dxc5 Nf6 8.
Nb3 O-O 9.Bxd7 Nbxd7 10.Bg5 Bxc5 11.O-O-O Qb6 12.Nh3 Rac8 13.Kb1 Rfe8 14.
Qf3 a5 15.a4 Qc6 16.Bxf6 Nxf6 17.Nf4 Be3 18.fxe3 Qxc2+ 19.Ka2 Rc4 20.Rd4 
Re4 21.Ka3 Rb4 22.Rxb4 Rxb4 23.e4 Qc6 24.Nc5 Qxc5 25.Nd3 Qc4 26.Qd1 dxe4 
0-1

[Event "19th Capablanca Memorial group B"]
[Site "Cienfuegos CUB"]
[Date "1984.05.30"]
[Round "8"]
[White "Garcia Palermo, Carlos"]
[Black "Meduna, Eduard"]
[Result "1/2-1/2"]
[WhiteElo "2530"]
[BlackElo "2515"]
[EventDate "1984.05.22"]
[PlyCount "69"]

1.d4 Nf6 2.c4 c5 3.d5 e6 4.Nc3 exd5 5.cxd5 d6 6.e4 g6 7.Nf3 Bg7 8.Be2 O-O 
9.O-O Re8 10.Nd2 a6 11.a4 Nbd7 12.f4 c4 13.Kh1 Nc5 14.e5 dxe5 15.fxe5 Rxe5
16.Nxc4 Rf5 17.Bf4 Nfe4 18.Nxe4 Nxe4 19.Qc2 Nf6 20.Ne3 Nxd5 21.Rad1 Qa5 
22.Nxd5 Rxd5 23.Bc7 Rc5 24.Rd8+ Bf8 25.Rxf8+ Kxf8 26.Bd6+ Kg8 27.Qxc5 Qxa4
28.Bc4 Bf5 29.Qc7 Qe8 30.Qxb7 Rc8 31.b3 a5 32.Qa7 a4 33.Qd4 axb3 34.Ba3 
Qc6 35.Bb2 1/2-1/2

[Event "19th Capablanca Memorial group B"]
[Site "Cienfuegos CUB"]
[Date "1984.06.02"]
[Round "9"]
[White "Csom, Istvan"]
[Black "Ochoa de Echaguen Estibalez, Francisco Javier"]
[Result "1-0"]
[WhiteElo "2485"]
[BlackElo "2430"]
[EventDate "1984.05.22"]
[PlyCount "58"]

1.Nf3 c5 2.c4 g6 3.d4 Bg7 4.d5 f5 5.g3 d6 6.Bg2 Nf6 7.Nc3 O-O 8.O-O Na6 9.
Ne1 Nc7 10.Nd3 Rb8 11.a4 b6 12.Rb1 a5 13.b3 Ng4 14.Bb2 Qe8 15.Qd2 Bd7 16.
Rbe1 Ne5 17.f4 Nxd3 18.Qxd3 Qf7 19.Rf2 Ne8 20.Bf3 Nf6 21.e4 fxe4 22.Nxe4 
Nxe4 23.Rxe4 Bxb2 24.Rxb2 Qf6 25.Rbe2 Rf7 26.h4 Rg7 27.Kg2 Rf8 28.Qd2 Rff7
29.Rf2 Rf8 1-0

[Event "19th Capablanca Memorial group B"]
[Site "Cienfuegos CUB"]
[Date "1984.06.02"]
[Round "9"]
[White "Gufeld, Eduard"]
[Black "Lebredo Zarragoitia, Gerardo"]
[Result "1/2-1/2"]
[WhiteElo "2475"]
[BlackElo "2395"]
[EventDate "1984.05.22"]
[PlyCount "21"]

1.e4 e6 2.d4 d5 3.Nd2 a6 4.Ngf3 c5 5.exd5 exd5 6.dxc5 Bxc5 7.Nb3 Ba7 8.Bd3
Qe7+ 9.Qe2 Nc6 10.Bg5 Qxe2+ 11.Kxe2 1/2-1/2